| 000 | 01874nam a2200481 i 4500 | ||
|---|---|---|---|
| 001 | 20643 | ||
| 003 | KOSZ 005 | ||
| 005 | 20200907081208.0 | ||
| 008 | 071206s1971 pl a f |000 0 pol | ||
| 015 | _aPB 1971/9375 | ||
| 040 |
_aWA N _cWA N _dKOSZ 005/HR |
||
| 041 | 0 |
_apol _beng |
|
| 046 | _k1971 | ||
| 080 | _a691 | ||
| 080 | _a624.01/.07:531 | ||
| 080 | _a539.3/.6 | ||
| 100 | 1 |
_aGrabiec, Kalikst _d(1920-2002) _eAutor |
|
| 245 | 1 | 0 |
_aAnaliza nośności badanych płyt stropowych z betonu lekkiego w świetle dotychczasowych teorii obliczania ugięć / _cKalikst Grabiec, Zygmunt Witkowski. |
| 260 |
_aPoznań : _bPaństwowe Wydawnictwo Naukowe, _c1971. |
||
| 300 |
_a51, [1] s. : _bil. ; _c23 cm. |
||
| 336 |
_2rdacontent _aTekst _btxt |
||
| 337 |
_2rdamedia _aBez urządzenia pośredniczącego _bn |
||
| 338 |
_2rdacarrier _aWolumin _bnc |
||
| 380 | _aKsiążki | ||
| 380 | _aPublikacje naukowe | ||
| 388 | _a1901-2000 | ||
| 388 | _a1945-1989 | ||
| 490 | 1 |
_aPrace Komisji Budownictwa i Architektury / Poznańskie Towarzystwo Przyjaciół Nauk. Wydział Nauk Technicznych ; _vt. 1 z. 7. |
|
| 500 | _aNumeracja stronic także: 469-517. | ||
| 504 | _aBibliogr. | ||
| 546 | _aStreszcz. ang. | ||
| 650 | 4 | _aBeton lekki | |
| 650 | 4 | _aNaprężenia i odkształcenia | |
| 650 | 4 | _aStropy | |
| 650 | 4 | _aWytrzymałość materiałów | |
| 650 | 4 | _aNośność | |
| 658 | _aArchitektura i budownictwo | ||
| 700 | 1 |
_aWitkowski, Zygmunt _c(nauki techniczne) _eAutor |
|
| 710 | 2 |
_aPaństwowe Wydawnictwo Naukowe _4pbl |
|
| 830 | 0 |
_aPrace Komisji Budownictwa i Architektury - Poznańskie Towarzystwo Przyjaciół Nauk. Wydział Nauk Technicznych _vt. 1 z. 7 |
|
| 856 |
_uhttp://koha.tu.koszalin.pl/cgi-bin/koha/opac-detail.pl?biblionumber=20643 _yKatalog online BPK |
||
| 942 |
_2UKD _cKS |
||
| 999 |
_c20643 _d20643 |
||